Obálka Náhled e-knihy:
PDF Epub
Pro půjčování e-knih musíte být přihlášeni.
Jak si půjčit online?

Kytice /

Klasická sbírka balad z poloviny 19. století, považovaná za vrchol obrozeneckého romantismu i za jednu z nejoblíbenějších básnických knih v české poezii vůbec.

Uloženo v:
Hlavní autor: Erben, Karel Jaromír, 1811-1870 (Autor)
Médium: E-kniha
Jazyk:Czech
Vydáno: Praha : Dobrovský s.r.o., 2022
Edice:1400
Témata:
Tagy:
Žádné tagy
LEADER 03109nam a2200493 i 4500
001 312607
003 CZ PrSKC
005 20260601215725.0
007 ta
008 220818s2022 xr a g 000 p cze
015 |a cnb003443080 
020 |a 9788027713363  |q (brožováno) 
035 |a (OCoLC)1350559579 
040 |a ABG001  |b cze  |d ABA001  |e rda 
072 7 |a 821.162.3-1  |x Česká poezie  |2 Konspekt 
080 |a 821.162.3-1  |2 MRF 
080 |a (0:82-14)  |2 MRF 
080 |a (0:82-13)  |2 MRF 
080 |a (0:82-144)  |2 MRF 
100 1 |a Erben, Karel Jaromír,  |d 1811-1870  |7 jk01030532  |4 aut 
245 1 0 |a Kytice /  |c Karel Jaromír Erben 
264 1 |a Praha :  |b Dobrovský s.r.o.,  |c 2022 
300 |a 155 stran :  |b ilustrace ;  |c 16 cm 
336 |a text  |b txt  |2 rdacontent 
337 |a bez média  |b n  |2 rdamedia 
338 |a svazek  |b nc  |2 rdacarrier 
490 1 |a 1400 
500 |a Terminologický slovník 
505 0 0 |t Kytice --  |t Poklad --  |t Svatební košile --  |t Polednice --  |t Zlatý kolovrat --  |t Štědrý den --  |t Holoubek --  |t Záhořovo lože --  |t Vodník --  |t Vrba --  |t Lilie --  |t Dceřina kletba --  |t Věštkyně 
520 2 |a Klasická sbírka balad z poloviny 19. století, považovaná za vrchol obrozeneckého romantismu i za jednu z nejoblíbenějších básnických knih v české poezii vůbec.  |b Erben vložil do "Kytice" především rozmanité epické skladby, jejichž základní součástí je baladický prvek přítomný v mnoha rovinách, ať už se jedná o báje s nadpřirozenými bytostmi nebo o pověsti, vztahující se k nejrůznějším svátkům a legendám. Náměty nacházel autor na nejrůznějších místech a zároveň se v nich pokusil využít jak lidovou slovesnost, tak i postupy, odpovídající tradicím evropských literatur 18. a 19. století. Erben dokázal i dovedně fabulovat jádro svých příběhů, které často vycházely z konfliktů člověka s mytologickými postavami a mocnostmi či z násilného porušení přírodního řádu. Tato střetnutí byla mnohdy způsobena činem, pramenícím ze zloby, z dobré či špatné vůle nebo i z náhodného a neúmyslného aktu. A tak se do středu autorovy pozornosti dostal rozpor mezi jedincem s jeho přirozenými možnostmi a světem odlišných či iracionálních dimenzí. 
655 7 |a česká poezie  |7 fd133958  |2 czenas 
655 7 |a lyrická poezie  |7 fd132781  |2 czenas 
655 7 |a epická poezie  |7 fd132205  |2 czenas 
655 7 |a balady  |7 fd131863  |2 czenas 
655 9 |a Czech poetry  |2 eczenas 
655 9 |a lyric poetry  |2 eczenas 
655 9 |a epic poetry  |2 eczenas 
655 9 |a ballads  |2 eczenas 
830 0 |a 1400 
900 |a ABA001  |b 19 
044 |a xr 
910 |a RBIT002 
998 |d 416777  |a https://core.palmknihy.cz/api/books/416777/cover?spjcaw  |b https://core.palmknihy.cz/api/books/416777/cover/400?spjcaw  |c https://core.palmknihy.cz/api/books/416777/cover/50?spjcaw  |e   |g 160  |i 9788027713363  |j https://core.palmknihy.cz/api/books/416777/preview.epub  |k https://core.palmknihy.cz/api/books/416777/preview.pdf  |l   |q 49  |r 1  |s https://www.palmknihy.cz/kniha/416777  |t ebook  |y 2022  |z 0 
999 |d 312605